000 00344nam a2200133Ia 4500
008 240624s9999 xx 000 0 und d
041 _aeng
082 _a657 BAN
100 _aBANKS ERIK
245 _aCREDIT RISK OF FINANCIAL INSTRUMENTS
260 _c1993
_aLondon
_bMacmillan Press
300 _aix, : 269 : p. : cm. ; 24
365 _cBPS
_b30
999 _c16304
_d16304